000 00284nam a22001337a 4500
008 181205b xxu||||| |||| 00| 0 eng d
020 _a9780865424890
041 _aeng
080 _a610
100 _a4
101 _ashm
245 _aPrimary Care
_cDaniel.K.O
942 _2udc
_cBK
999 _c52894
_d52894